000 00476nam a2200193 a 4500
001 14822
003 CO-ViMGA
008 141112s2004 ck r 000 u spa d
020 _a8434871130
040 _aCO-ViMGA
_bspa
_cCO-ViMGA
082 0 4 _aHEUca
100 1 _aHeuk, Sigrid
_93053
245 1 0 _aLa canción de Amina
260 _aMadríd (E)S.M. 2000
300 _a122.p.
490 _aEl barco de vapor
650 1 4 _aLITERATURA JUVENIL ALEMANA
_921514
942 _2ddc
_cBK
999 _c25310
_d25310